Logan Quiz (SPOILERS) - Statistics

General Stats
  • This quiz has been taken 22 times
  • The average score is 5 of 11
Answer Stats
Actor Role % Correct
Hugh Jackman James “Logan” Howlett/Wolverine
100%
Patrick Stewart Charles Xavier
89%
Dafne Keen Laura/X-23
78%
Hugh Jackman X-24
56%
Stephen Merchant Caliban
44%
Boyd Holbrook Donald Pierce
39%
Richard E. Grant Dr. Zander Rice
22%
Elizabeth Rodriguez Gabriela
22%
Elise Neal Kathryn Munson
22%
Quincy Fouse Nate Munson
22%
Eriq La Salle Will Munson
22%
No matching quizzes found
Score Distribution
Percent of People with Each Score
Percentile by Number Answered
Your Score History
You have not taken this quiz